Statistics for FA Cup Winners

Click here to take the quiz!

General Stats

  • This quiz has been taken 206 times
  • The average score is 58 of 63

Answer Stats

Year Team % Correct
1965 | 1974 | 1986 | +4 othersLiverpool
99%
1970 | 1997 | 2000 | +4 othersChelsea
99%
1963 | 1977 | 1983 | +6 othersManchester United
99%
1950 | 1971 | 1979 | +5 othersArsenal
98%
1956 | 1969 | 2011Manchester City
98%
1961 | 1962 | 1967 | +3 othersTottenham
95%
1966 | 1984 | 1995Everton
94%
1972Leeds
90%
2008Portsmouth
90%
1951 | 1952 | 1955Newcastle
89%
1964 | 1975 | 1980West Ham
88%
1973Sunderland
84%
1957Aston Villa
83%
1976Southampton
79%
1988Wimbledon
76%
1954 | 1968West Brom
75%
1960Wolves
70%
1987Coventry
69%
1958Bolton
68%
1978Ipswich
66%
1953Blackpool
65%
1959Nottingham Forrest
19%

Score Distribution

Percentile by Number Answered

Percent of People with Each Score

Your Score History

You have not taken this quiz